000 00334pab a2200145 454500
008 180718b1997 xxu||||| |||| 00| 0 eng d
100 _aDas Gupta, R.K.
245 _aNetaji Subhas Chandra's economic thought
260 _c1997
300 _ap.9-11,29
362 _aOct
650 _aEconomics
773 _aYojana
909 _a35566
999 _c35566
_d35566